000 00802nam a2200265 a 4500
999 _c9386
_d9386
001 9386
003 BD-JhCC
005 20180313175001.0
008 180313s1965 enk bv 00110 eng d
035 _aBD-JhCC)9386
040 _cIaU-L
_aBD-JhCC
_dBD-JhCC
041 _aeng
082 _a340.52
_bFYZ 1964
100 1 _aFyzee, Asaf Ali Asghar,
_d1899-1981.
245 1 0 _aOutlines of Muhammadan law /
_cby Asaf A. A. Fyzee.
260 0 _aOxford :
_bClarendon Press,
_c1965.
300 _axxxvi, 518 p. ;
_c23 cm.
500 _a"Companion volume to the Outlines of Muhammadan law (3rd ed., 1964)."
504 _aIncludes Index and Bibliography: p. xxxv-xxxvi.
650 0 _aIslamic law.
650 0 _aLaw
_zIndia
_xCases.
650 0 _aLaw
_zPakistan
_xCases.
942 _2ddc
_cBK